000 00834nam a2200265Ia 4500
005 20220316235549.0
008 121119s1999 ck a gr 000 0 spa
020 _a8440691157
041 0 _aspa
082 0 4 _a616.833
_bP21G
100 1 _aPearce, John M.S.
245 1 3 _aLa enfermedad de Parkinson
_cJohn M. S. Pearce
250 _aPrimera edición
300 _a80 páginas
_bilustraciones
_c21 cm
490 0 _aGuías médicas : salud y bienestar
650 1 4 _aEnfermedad de Parkinson
_2LEMB
650 1 4 _aSistema nervioso
_xEnfermedades
_2LEMB
650 1 4 _aTrastornos de la percepción
_2LEMB
942 _2ddc
_cBK
264 _aBogotá
_bEdiciones B.
_c1999
336 _atexto
_btxt
_2rdacontent
337 _asin mediación
_bn
_2rdamedia
338 _avolumen
_bnc
_2rdacarrier
040 _aCO-BoRNBP
_bspa
_erda
_cCO-BoRNBP
999 _c1376
_d1376